书目信息 |
| 题名: |
和·味道
|
|
| 作者: | 大久保久江, 著 ;纪鑫 译 | |
| 分册: | ||
| 出版信息: | 青岛 青岛出版社 2016 |
|
| 页数: | 111页 | |
| 开本: | 26cm | |
| 丛书名: | ||
| 单 册: | ||
| 中图分类: | TS972.183.13 | |
| 科图分类: | ||
| 主题词: | 家常菜肴--jia chang cai yao--菜谱--日本 | |
| 电子资源: | ||
| ISBN: | 978-7-5552-3830-0 | |
| 000 | 01080nam0 2200265 450 | |
| 001 | 1775377849 | |
| 005 | 20161019181312.1 | |
| 010 | @a978-7-5552-3830-0@dCNY39.00 | |
| 100 | @a20161019d2016 em y0chiy50 ea | |
| 101 | 1 | @achi@cjpn |
| 102 | @aCN@b370000 | |
| 105 | @aa z 000yy | |
| 106 | @ar | |
| 200 | 1 | @a和·味道@Ahe · wei dao@e妈妈的私房菜@f(日) 大久保久江著@g纪鑫译 |
| 210 | @a青岛@c青岛出版社@d2016 | |
| 215 | @a111页@c彩图@d26cm | |
| 314 | @a大久保久江, 1954年生于日本东京, 在物流公司工作时, 与合作企业合力创办员工食堂, 由此踏入餐饮行业。2012年开设的餐馆因为“吃了会让身心都充满活力的妈妈私房菜”而人气高涨。 | |
| 330 | @a本书共分为六章, 其内容主要介绍了日本最传统的家庭料理 —— 一汤三菜。每道菜都经过精心的营养搭配, 少脂少油, 简单实惠, 附图精美, 饱含母亲的爱意。 | |
| 517 | 1 | @a妈妈的私房菜@Ama ma de si fang cai |
| 606 | 0 | @a家常菜肴@Ajia chang cai yao@x菜谱@y日本 |
| 690 | @aTS972.183.13@v5 | |
| 701 | 0 | @a大久保久江,@Ada jiu bao jiu jiang@f1954-@4著 |
| 702 | 0 | @a纪鑫@Aji xin@4译 |
| 801 | 0 | @aCN@b人天书店@c20161019 |
| 905 | @aBZT@dTS972.183.13@e1 | |
| 和·味道:妈妈的私房菜/(日) 大久保久江著/纪鑫译.-青岛:青岛出版社,2016 |
| 111页:彩图;26cm |
| ISBN 978-7-5552-3830-0:CNY39.00 |
| 本书共分为六章, 其内容主要介绍了日本最传统的家庭料理 —— 一汤三菜。每道菜都经过精心的营养搭配, 少脂少油, 简单实惠, 附图精美, 饱含母亲的爱意。 |
| ● |
| 相关链接 |
|
|
|
正题名:和·味道
索取号:TS972.183.13/1
 
预约/预借
| 序号 | 登录号 | 条形码 | 馆藏地/架位号 | 状态 | 备注 |
| 1 | 824488 | 2000824488 | 第二书库/ [索取号:TS972.183.13/1] | 在馆 | |
| 2 | 824489 | 2000824489 | 第二书库/ [索取号:TS972.183.13/1] | 在馆 | |
| 3 | 824490 | 2000824490 | 第二书库/ [索取号:TS972.183.13/1] | 在馆 |